Statistics for Largest Cities Containing 'K'

Click here to take the quiz!

General Stats

  • This quiz has been taken 228 times
  • The average score is 17 of 20

Answer Stats

PopulationCountryCity% Correct
39,500,000JapanTokyo
99%
16,900,000ThailandBangkok
98%
28,100,000IndonesiaJakarta
98%
4,675,000TurkeyAnkara
96%
22,000,000United StatesNew York City
96%
4,150,000KuwaitKuwait City
95%
3,725,000AfghanistanKabul
94%
3,375,000UkraineKiev
94%
7,000,000MalaysiaKuala Lumpur
94%
17,600,000BangladeshDhaka
91%
10,600,000DR CongoKinshasa
91%
17,800,000JapanOsaka
91%
24,300,000PakistanKarachi
89%
5,550,000SudanKhartoum
88%
3,300,000SenegalDakar
86%
16,000,000IndiaKolkata
86%
7,250,000ChinaHong Kong
65%
4,125,000NigeriaKano
60%
3,325,000IndiaLucknow
28%
3,950,000ChinaKunming
26%

Score Distribution

Percentile by Number Answered

Percent of People with Each Score

Your Score History

You have not taken this quiz